[Event "SLO-ch 29th"]
[Site "Radenci"]
[Date "2019.04.28"]
[Round "3"]
[White "Grah, Matej"]
[Black "Javornik, Nik"]
[Result "1-0"]
[WhiteElo "1940"]
[BlackElo "1551"]
[PlyCount "77"]
[EventDate "2019.04.27"]
[EventType "swiss"]
[EventRounds "9"]
[EventCountry "SLO"]
[SourceTitle "CBM 190 Extra"]
[Source "ChessBase"]
[SourceDate "2019.07.15"]
[SourceVersion "1"]
[SourceVersionDate "2019.07.15"]
[SourceQuality "1"]

1. d4 Nf6 2. Nc3 g6 3. e4 d6 4. f3 Bg7 5. Be3 0-0 6. Qd2 e5 7. d5 Ne8 8. g4 b6 9. h4 Ba6 10. Bxa6 Nxa6 11. h5 Bf6 12. hxg6 fxg6 13. 0-0-0 Nc5 14. Nh3 Rf7 15. Rh2 Rg7 16. Bh6 Rd7 17. Rdh1 Bg7 18. Bxg7 Rxg7 19. Ng5 Nf6 20. b4 Ncd7 21. Ne6 Qe7 22. Nxg7 Qxg7 23. g5 Nh5 24. Qg2 Nf8 25. Qg4 Nf4 26. Nd1 b5 27. Ne3 a5 28. bxa5 Rxa5 29. Qc8 Nh5 30. Ng4 Qe7 31. Nf6+ Nxf6 32. gxf6 Qxf6 33. Rxh7 Qf4+ 34. Kb1 Qxf3 35. Rh8+ Kg7 36. Qxc7+ Qf7 37. R1h7+ Nxh7 38. Rxh7+ Kxh7 39. Qxf7+ 1-0

[Event "SLO-chT1 East"]
[Site "Slovenia"]
[Date "2018.11.09"]
[Round "7"]
[White "Grah, Matej"]
[Black "Tisaj, Domen"]
[Result "0-1"]
[WhiteElo "1928"]
[BlackElo "2078"]
[PlyCount "84"]
[EventDate "2018.09.28"]
[EventType "team-tourn"]
[EventRounds "9"]
[EventCountry "SLO"]
[SourceTitle "EXT 2021"]
[Source "ChessBase"]
[SourceDate "2020.10.23"]
[SourceVersion "1"]
[SourceVersionDate "2020.10.23"]
[SourceQuality "1"]

1. c4 f5 2. d4 e6 3. Nc3 Nf6 4. Nf3 Bb4 5. Bg5 0-0 6. Qb3 c5 7. e3 Qa5 8. Bxf6 Rxf6 9. Rc1 Nc6 10. a3 Bxc3+ 11. Rxc3 d6 12. Bd3 e5 13. d5 Ne7 14. e4 Qc7 15. exf5 Bxf5 16. Qc2 h6 17. 0-0 Bxd3 18. Qxd3 Ng6 19. g3 Ne7 20. Nh4 Raf8 21. Qe4 Qd7 22. Ng2 Nf5 23. Rf3 Qf7 24. Ne3 Nd4 25. Rxf6 Qxf6 26. Kg2 Nf3 27. Qc2 h5 28. h3 e4 29. b4 b6 30. bxc5 bxc5 31. Qe2 g6 32. Nc2 Qf5 33. Ne3 Qe5 34. Rb1 Nd4 35. Qd2 Qf6 36. Rb2 Nf3 37. Qe2 Ne1+ 38. Kg1 Nd3 39. Rc2 Nxf2 40. Ng2 Nxh3+ 41. Kh2 Ng5 42. Nf4 Nf3+ 0-1

[Event "SLO-chT1 East"]
[Site "Slovenia"]
[Date "2016.11.13"]
[Round "6"]
[White "Grah, Matej"]
[Black "Brilej, Jaka"]
[Result "1/2-1/2"]
[WhiteElo "1894"]
[BlackElo "1965"]
[PlyCount "110"]
[EventDate "2016.09.23"]
[EventType "team-tourn"]
[EventRounds "9"]
[EventCountry "SLO"]
[SourceTitle "EXT 2019"]
[Source "ChessBase"]
[SourceDate "2018.10.10"]
[SourceVersion "1"]
[SourceVersionDate "2018.10.10"]
[SourceQuality "1"]
[WhiteTeam "Pomgrad Radenska II"]
[BlackTeam "Celjski"]
[WhiteTeamCountry "SLO"]
[BlackTeamCountry "SLO"]

1. c4 f5 2. d4 Nf6 3. Nc3 g6 4. Nf3 Bg7 5. Bg5 d6 6. g3 0-0 7. Qd2 c6 8. h4 Nbd7 9. Rd1 Qe8 10. d5 Ne4 11. Qe3 Ndc5 12. Nd4 e5 13. dxe6 Nxe6 14. Nxe6 Qxe6 15. Nxe4 fxe4 16. b3 d5 17. Bg2 Re8 18. cxd5 cxd5 19. Qc5 d4 20. 0-0 b6 21. Qc7 Ba6 22. Rd2 Be5 23. Qc2 d3 24. exd3 Rac8 25. Qd1 Bxd3 26. Rxd3 exd3 27. Qxd3 Kh8 28. Re1 Qd6 29. Qb5 a6 30. Qxa6 Bc3 31. Rxe8+ Rxe8 32. Be3 Bd4 33. Qa4 Rd8 34. Bxd4+ Qxd4 35. Qxd4+ Rxd4 36. Bh3 Kg7 37. Be6 Kf6 38. Bg8 h6 39. Kg2 g5 40. hxg5+ hxg5 41. Kf3 Ke5 42. Ke3 b5 43. Bh7 b4 44. Bd3 Rg4 45. Bc2 Rd4 46. f3 Rd7 47. f4+ gxf4+ 48. gxf4+ Kf6 49. Bd3 Ra7 50. Bb1 Rd7 51. Bd3 Ra7 52. Kd4 Rxa2 53. Kc5 Rf2 54. Kxb4 Rxf4+ 55. Kc5 Rf3 1/2-1/2

[Event "SLO-chT1 East"]
[Site "Slovenia"]
[Date "2016.11.12"]
[Round "5"]
[White "Grah, Matej"]
[Black "Novosel, Krunoslav"]
[Result "0-1"]
[WhiteElo "1894"]
[BlackElo "2027"]
[PlyCount "78"]
[EventDate "2016.09.23"]
[EventType "team-tourn"]
[EventRounds "9"]
[EventCountry "SLO"]
[SourceTitle "EXT 2019"]
[Source "ChessBase"]
[SourceDate "2018.10.10"]
[SourceVersion "1"]
[SourceVersionDate "2018.10.10"]
[SourceQuality "1"]
[WhiteTeam "Pomgrad Radenska II"]
[BlackTeam "Brezice"]
[WhiteTeamCountry "SLO"]
[BlackTeamCountry "SLO"]

1. c4 c5 2. g3 Nf6 3. Bg2 d5 4. b3 Nc6 5. Nf3 e5 6. d3 Be7 7. 0-0 0-0 8. cxd5 Nxd5 9. Bb2 f6 10. Nbd2 Be6 11. Rc1 Rc8 12. Ne4 b6 13. Qd2 Qd7 14. Rfd1 Nd4 15. Nc3 Nxc3 16. Bxc3 Rfd8 17. Qb2 Qb5 18. Re1 a5 19. Rb1 Qa6 20. Nd2 b5 21. a4 b4 22. Bxd4 cxd4 23. Rbc1 Rc3 24. Nc4 Bxc4 25. dxc4 Qb6 26. Rcd1 Bc5 27. Rd3 f5 28. f3 Qe6 29. Kh1 e4 30. Rxc3 dxc3 31. Qb1 Rd4 32. Rd1 Qd6 33. Rxd4 Qxd4 34. fxe4 Qd2 35. Qf1 c2 36. Qxf5 c1Q+ 37. Bf1 Qd6 38. Qc8+ Qf8 39. Qe6+ Kh8 0-1

[Event "Portoroz op 10th"]
[Site "Portoroz"]
[Date "2016.07.24"]
[Round "3"]
[White "Pritrznik, Maj"]
[Black "Grah, Matej"]
[Result "0-1"]
[WhiteElo "1250"]
[BlackElo "1920"]
[PlyCount "88"]
[EventDate "2016.07.23"]
[EventType "swiss"]
[EventRounds "9"]
[EventCountry "SLO"]
[SourceTitle "CBM 173 Extra"]
[Source "ChessBase"]
[SourceDate "2016.08.29"]
[SourceVersion "1"]
[SourceVersionDate "2016.08.29"]
[SourceQuality "1"]

1. e4 d5 2. exd5 Qxd5 3. Nc3 Qa5 4. d4 c6 5. Nf3 Nf6 6. Bd3 Bg4 7. 0-0 e6 8. Bd2 Qc7 9. Be2 Bd6 10. h3 Bh5 11. Ng5 Bg6 12. Bf3 Bf4 13. Nge4 Nd5 14. Nxd5 cxd5 15. Nc3 a6 16. Re1 0-0 17. a4 Bh2+ 18. Kh1 Nc6 19. Ne2 Bd6 20. c3 Na5 21. Nc1 Nc4 22. b3 Nb6 23. Bh5 Bf5 24. Bg4 Be4 25. Bf3 f5 26. a5 Nd7 27. b4 Nf6 28. Nb3 Qe7 29. Nc5 Rad8 30. Bg5 Rc8 31. Rc1 h6 32. Bxf6 Rxf6 33. Bxe4 fxe4 34. Qe2 Rcf8 35. Rf1 Rg6 36. Rg1 Qf7 37. Rcf1 Qf4 38. g3 Qf5 39. Kh2 Rf7 40. Qe3 h5 41. Qe2 h4 42. Nb3 Rh6 43. Qg4 Qxg4 44. hxg4 hxg3+ 0-1

[Event "SLO-chT1 East"]
[Site "Slovenia"]
[Date "2015.10.16"]
[Round "1"]
[White "Opalic, David"]
[Black "Grah, Matej"]
[Result "1/2-1/2"]
[WhiteElo "1756"]
[BlackElo "1884"]
[PlyCount "97"]
[EventDate "2015.10.16"]
[EventType "team-tourn"]
[EventRounds "9"]
[EventCountry "SLO"]
[SourceTitle "EXT 2019"]
[Source "ChessBase"]
[SourceDate "2018.10.10"]
[SourceVersion "1"]
[SourceVersionDate "2018.10.10"]
[SourceQuality "1"]
[WhiteTeam "Celje"]
[BlackTeam "Radenska Pomgrad II"]
[WhiteTeamCountry "SLO"]
[BlackTeamCountry "SLO"]

1. e4 c6 2. d4 d5 3. Nc3 dxe4 4. Nxe4 Bf5 5. Ng3 Bg6 6. h4 h6 7. Nf3 Nf6 8. h5 Bh7 9. Bd3 Bxd3 10. Qxd3 e6 11. Ne4 Nbd7 12. Bf4 Nxe4 13. Qxe4 Nf6 14. Qd3 Qa5+ 15. Bd2 Qb6 16. 0-0-0 Bd6 17. Rh4 0-0-0 18. Qe2 Rhe8 19. Ne5 Re7 20. Nc4 Qc7 21. Nxd6+ Qxd6 22. Bf4 Qd5 23. Qe5 Kd7 24. Qxd5+ exd5 25. Be5 Ne8 26. Rg4 f6 27. Bg3 Re2 28. Rd2 Re1+ 29. Rd1 Re2 30. Rf1 Ke6 31. Kd1 Re4 32. Re1 Rxe1+ 33. Kxe1 Kf5 34. f3 Rd7 35. Bf4 Ke6 36. Rh4 Kf5 37. Bb8 a6 38. g4+ Kg5 39. Bg3 f5 40. gxf5 Kxf5 41. Be5 Kg5 42. Rh2 Nf6 43. Bxf6+ gxf6 44. Kf2 f5 45. c3 Re7 46. Kg3 Rg7 47. f4+ Kf6+ 48. Kf3 Rg1 49. Rg2 1/2-1/2

[Event "SLO-ch U18"]
[Site "Debeli Rtic"]
[Date "2012.02.23"]
[Round "8"]
[White "Hiti, Domen"]
[Black "Grah, Matej"]
[Result "1-0"]
[WhiteElo "2033"]
[BlackElo "1649"]
[PlyCount "59"]
[EventDate "2012.02.18"]
[EventType "swiss"]
[EventRounds "9"]
[EventCountry "SLO"]
[SourceTitle "EXT 2022"]
[Source "ChessBase"]
[SourceDate "2021.10.06"]
[SourceVersion "1"]
[SourceVersionDate "2021.10.06"]
[SourceQuality "1"]

1. d4 d5 2. c4 e6 3. Nc3 Nf6 4. cxd5 exd5 5. Bg5 Be7 6. e3 0-0 7. Bd3 h6 8. Bh4 b6 9. Nf3 Bb7 10. 0-0 Nbd7 11. Rc1 c5 12. Bg3 Nh5 13. Be5 Nhf6 14. h3 Nxe5 15. Nxe5 Ne4 16. Qc2 Nxc3 17. bxc3 c4 18. Be2 Bd6 19. f4 f6 20. Ng4 h5 21. Nh6+ gxh6 22. Qg6+ Kh8 23. Qxh6+ Kg8 24. Qg6+ Kh8 25. Qxh5+ Kg8 26. Qg6+ Kh8 27. Qh6+ Kg8 28. Rf3 Kf7 29. Qh7+ Ke6 30. f5# 1-0

[Event "SLO-ch U18"]
[Site "Debeli Rtic"]
[Date "2012.02.22"]
[Round "6"]
[White "Lucovnik, Tilen"]
[Black "Grah, Matej"]
[Result "1-0"]
[WhiteElo "1856"]
[BlackElo "1649"]
[PlyCount "109"]
[EventDate "2012.02.18"]
[EventType "swiss"]
[EventRounds "9"]
[EventCountry "SLO"]
[SourceTitle "EXT 2022"]
[Source "ChessBase"]
[SourceDate "2021.10.06"]
[SourceVersion "1"]
[SourceVersionDate "2021.10.06"]
[SourceQuality "1"]

1. e4 d5 2. exd5 Qxd5 3. Nc3 Qa5 4. d4 Nf6 5. Nf3 c6 6. Bc4 Bf5 7. Bd2 Qc7 8. 0-0 e6 9. h3 Bd6 10. Re1 0-0 11. Nh4 Bg6 12. Nxg6 hxg6 13. Bb3 Nbd7 14. Qf3 Nd5 15. Ne4 Bf4 16. c3 Bxd2 17. Nxd2 N7f6 18. Ne4 Qf4 19. Nxf6+ Qxf6 20. Qg3 Qf4 21. Qxf4 Nxf4 22. Re4 Nd5 23. Rae1 a5 24. a3 Rfd8 25. g3 b5 26. Bxd5 cxd5 27. R4e3 Rdc8 28. Rd3 Rc4 29. Ree3 Rb8 30. b3 Rc6 31. Kg2 Kf8 32. Kf3 a4 33. b4 Ke7 34. h4 Rh8 35. Kg4 f5+ 36. Kf4 Rh5 37. Re1 Kf6 38. Rde3 Kf7 39. Rd3 Rh8 40. Rf3 Ke7 41. Kg5 Kf7 42. Rd3 Rh5+ 43. Kf4 Kf6 44. Rde3 g5+ 45. hxg5+ Rxg5 46. Rxe6+ Rxe6 47. Rxe6+ Kxe6 48. Kxg5 f4 49. gxf4 Ke7 50. f5 Kf7 51. f4 Kg8 52. f6 Kf8 53. Kg6 Kg8 54. f7+ Kf8 55. f5 1-0